Statistiques concernant Les Youtubers Français

Cliquez ici pour prendre le quiz!

Statistiques générales

  • Ce quiz a été pris 1 781 fois
    (1 584 depuis la dernière actualisation)
  • Le résultat moyen est 10 sur 30

Statistiques - réponses

PointCompteur AbonnésYouTuber% Correct
Natsu11 210 405Squeezie
95%
Roumanie12 293 292Cyprien
94%
Faux10 907 004NormanFaitDesVidéos
88%
Frite3 738 767Seb
81%
Redbox4 298 796Amixem
78%
Kitty & Lola4 494 976Natoo
65%
China4 462 702Le Rire Jaune
56%
Cyprien & Squeezie5 701 061Bigorneaux & Coquillages
44%
Sciences2 837 479Dr. Nozman
40%
Caméra-Cachées6 704 507Rémi Gaillard
36%
Expériences & Fantômes2 076 801Le Grand JD
34%
Chemise Jaune3 099 964Joueur du Grenier
33%
Musique1 540 568Joyca
28%
PowerPoint2 459 859Pierre Croce
28%
Top 71 738 125Doc Seven
22%
Dab3 659 685McFly & Carlito
21%
Doublage1 011 361Sofyan
21%
Collectif - Courts-Métrages3 226 714Golden Moustache
18%
Clichés1 966 057Jigmé
17%
Top 101 277 091Taupe10
17%
Mental820 728Fabien Olicard
14%
Alcool & Sondages2 427 815VodK
14%
Point Culture1 535 429LinksTheSun
11%
CoopTeam2 157 305Siphano
11%
Question Cons1 428 071Le Tatou
8%
Trucs1 611 637Poisson Fécond
8%
Dessin1 288 961TutoDraw
7%
Nintendo921 353Farod
6%
Collectif - Top1 450 927Trash
4%
Pubs & Musiques648 572MisterJDay
3%

Distribution des résultats

Percentile par nombre de réponses

% des personnes avec chaque résultat

Votre développement - résultats

Vous n’avez pas pris ce quiz depuis la dernière actualisation